AH International Schools' Libraries

NANCY CHANDLER'S THAI ANIMALS (Record no. 48954)

MARC details
000 -LEADER
fixed length control field 00375nam a22001217a 4500
008 - FIXED-LENGTH DATA ELEMENTS--GENERAL INFORMATION
fixed length control field 250603b |||||||| |||| 00| 0 eng d
020 ## - INTERNATIONAL STANDARD BOOK NUMBER
International Standard Book Number 8880000041416
100 ## - MAIN ENTRY--PERSONAL NAME
Personal name CHANDLER, NANCY
9 (RLIN) 86340
245 ## - TITLE STATEMENT
Title NANCY CHANDLER'S THAI ANIMALS
260 ## - PUBLICATION, DISTRIBUTION, ETC. (IMPRINT)
Place of publication, distribution, etc Thailand
Name of publisher, distributor, etc บริษัท เอ็นซีจี
Date of publication, distribution, etc 2017
300 ## - PHYSICAL DESCRIPTION
Extent 32 p
Other physical details col. ill.
Dimensions 20.8 x 29.7 x 0.9 (cm)
942 ## - ADDED ENTRY ELEMENTS (KOHA)
Source of classification or shelving scheme
Holdings
Withdrawn status Lost status Source of classification or shelving scheme Damaged status Not for loan Collection code Home library Current library Date acquired Total Checkouts Full call number Barcode Date last seen Price effective from Koha item type
          Siem Riep Asian Hope Siem Reap Asian Hope Siem Reap 06/03/2025   EFIC CHA 208231 06/03/2025 06/03/2025 Book

For any Logos Library related questions please contact Miss Art at swongnarasuk@asianhope.org.

For any Asian Hope Library related questions please contact Miss Raza at graza@asianhope.org.

Click here to explore our ebooks!

Powered by Koha